Ensaio Sobre o Desenvolvimento da Concepção Monista da História (Registo nº 370)
[ vista simples ]
| 000 -Etiqueta do registo | |
|---|---|
| Valores | 00624nam a22001811i 4500 |
| 090 ## - | |
| -- | 370 |
| 100 ## - Dados gerais de processamento | |
| Dados gerais | 20170304u u u0frey50 ba |
| 101 0# - Língua de publicação | |
| -- | por |
| 200 1# - Titulo e menção de responsabilidade | |
| Primeira menção de responsabilidade | Georges Plekhanov |
| Título próprio | Ensaio Sobre o Desenvolvimento da Concepção Monista da História |
| 215 ## - Descrição física | |
| Paginação / Volumes | 293[3]p |
| Dimensões | 21cm |
| 210 ## - Publicação | |
| Nome do editor | Livros Horizonte |
| Local de publicação | Lisboa |
| Data de publicação | 1976 |
| 225 2# - Colecção | |
| Título próprio da colecção | Horizonte universitário |
| 410 #0 - | |
| -- | Horizonte universitário |
| 700 #1 - Autor principal (pessoa individual) | |
| Apelido | Plekhanov |
| Nome | Georges |
| -- | 070 |
| 702 #1 - Autor secundário (pessoa individual) | |
| Apelido | Costa |
| Nome | Fernando Marques da |
| -- | 730 |
| 996 ## - ISO2709 | |
| -- | 0000414 |
| -- | PLE |
| -- | 00000000 |
| -- | 00000000 |
| -- | BMVA |
| -- | 1 |
| -- | Viana do Alentejo |
| -- | Política Estrangeira |
| -- | 32 |
| -- | Livro |
| -- | 0 |
| -- | 1 |
| 990 ## - Elementos KOHA | |
| Tipo de documento | Livro |
| Situação do levantamento | Estado | Biblioteca de origem | Biblioteca de empréstimo | Código de barras | Cota | Permissão de empréstimo | Tipo de documento | Nota relativa ao exemplar |
|---|---|---|---|---|---|---|---|---|
| Completo | Biblioteca Municipal de Viana Do Alentejo | Biblioteca Municipal de Viana Do Alentejo | 0000416 | 14 | Disponível | Livro | Depósito - Caixa 32 VNT |